000 00875nam a2200241Ia 4500
005 20170802163216.0
010 _aBAC-CH25
020 _a9788129121196
_c195.00
035 _aG-002949
035 _aB-551155-183
035 _aB-667196
037 _bAakar/Ven
_adpl
082 _aS
100 _a Sengupta, Swati
245 _aGuns on my red earth /
_cby Swati Sengupta
260 _aNew Delhi
_bRed Turtle Rupa
_c2013
270 _a7/16, Ansari Road, Daryaganj
_bNew Delhi
_e110002
300 _a166p.
_c18cm(pbk)
942 _cCH
_2ddc
_mSEN
_hS
999 _c85594
_d85594